|
|
|
|
| LEADER |
00000nab a2200000 a 4500 |
| 001 |
vtls000861479 |
| 003 |
SK-MaSNL |
| 005 |
20260304035854.0 |
| 008 |
160324c xo 0 slo |
| 015 |
|
|
|a SNBRA2004/02-03850
|
| 035 |
|
|
|a CLN000213074
|
| 040 |
|
|
|a SNKBUCL
|b slo
|c SNKBUCL
|e AACR2
|
| 041 |
0 |
|
|a slo
|
| 044 |
|
|
|a xo
|c SK
|
| 080 |
|
|
|a 636.5.033.085.55:619:612.39
|2 1997
|
| 080 |
|
|
|a 612.39.019
|2 1997
|
| 100 |
1 |
|
|a Demeterová, Mária,
|d 1952-
|4 aut
|9 74883
|
| 245 |
1 |
0 |
|a Vplyv prídavku Zeoform na produkciu, niektoré metabolické ukazovatele v krvi a zloženie trusu brojlerových kurčiat
|c Mária Demeterová, Vladimír Vajda
|
| 300 |
|
|
|b Tab.
|
| 504 |
|
|
|a Bibliogr. odkazy
|
| 504 |
|
|
|a Res. angl.
|
| 650 |
0 |
7 |
|a brojlerové kurčatá
|2 snkbucl
|9 255267
|
| 650 |
0 |
7 |
|a výživa
|x kurčatá brojlerové
|2 snkbucl
|9 1320250
|
| 650 |
0 |
7 |
|a kŕmne zmesi
|2 snkbucl
|9 71250
|
| 650 |
0 |
7 |
|a krmivá
|2 snkbucl
|9 2812
|
| 655 |
|
7 |
|a články zo zborníkov
|2 snkbucl
|9 166140
|
| 700 |
1 |
|
|a Vajda, Vladimír,
|d 1948-
|4 aut
|
| 711 |
1 |
|
|a O ekológii vo vybraných aglomeráciách Jelšavy - Lubeníka a stredného Spiša
|n (11. :
|d 2002 :
|c Hrádok pri Jelšave, Slovensko)
|4 aut
|9 112354
|
| 773 |
0 |
|
|z 8088985811
|t XI. medzinárodné sympózium s medzinárodnou účasťou O ekológii vo vybraných aglomeráciách Jelšavy-Lubeníka a stredného Spiša
|d Košice : [Univerzita veterinárskeho lekárstva], [2002]
|g S. 100-103
|
| 850 |
|
|
|a Slovenská národná knižnica v Martine
|
| 852 |
|
|
|a SNK
|b KIS3GCP
|
| 958 |
|
|
|a MI
|
| 958 |
|
|
|a NB
|
| 999 |
|
|
|c 2660149
|d 2662079
|